Io sono così /

Saved in:
Bibliografiske detaljer
Hovedforfatter: Bomprezzi, Franco (Author)
Format: Bog
Sprog:italiensk
Udgivet: Padova : Il prato, stampa 2003
Serier:I sentieri ; 14
Tags: Tilføj Tag
Ingen Tags, Vær først til at tagge denne postø!

MARC

LEADER 00000nam a22000007i 4500
001 IT\ICCU\UBO\2629595
003 ItRI
005 20260115231952.0
008 050114s2003 it |||||| ||||| |||||c
020 |a 888724359X 
040 |b ita  |c importazione bologna sebina 
041 7 |a ita  |2 ISO-639-2 
100 1 |a Bomprezzi, Franco  |0 IT\ICCU\PUVV\214535  |4 aut 
245 1 0 |a Io sono così /  |c Franco Bomprezzi. 
260 |a Padova :  |b Il prato,  |c stampa 2003 
300 |a 131 p. ;  |c 19 cm 
830 2 |a I sentieri ;  |v 14  |0 IT\ICCU\REA\0043142 
942 |2 ddc  |c BK  |n 0 
952 |0 0  |1 0  |4 0  |6 DOC_853_920000000000000_BOM  |7 0  |9 18078  |a BO  |b BO  |d 2026-01-15  |i 7965  |l 0  |o DOC 853.92 BOM  |p BO7965  |r 2026-01-15 23:19:52  |w 2026-01-15  |x [Sebina 5] [1 v.]  |y BK  |z 1 v. 
999 |c 15348  |d 15348